[Event "Corus A"]
[Site "Wijk aan Zee NED"]
[Date "2010.01.23"]
[Round "7"]
[White "Short, N."]
[Black "Kramnik, V."]
[Result "1/2-1/2"]
[WhiteElo "2696"]
[BlackElo "2788"]
[PlyCount "125"]
[EventDate "2010.01.16"]

{As the first player to successfully serve as a foil to Shirov's success, in
the previous round, Short could not be discounted as a legitimate threat to
the former world champion that sat across from him.} 1. e4 e5 2. Nf3 Nf6 3. d4
Nxe4 4. dxe5 d5 5. Nbd2 Nc5 6. a3 $146 ({deviating from previous tries,
including the relatively popular} 6. Nb3) 6... a5 7. Be2 Be7 8. O-O O-O 9. Re1
Nc6 10. Nf1 Bf5 11. Ng3 Bg6 12. Be3 a4 13. Bb5 Na5 14. Nd4 c6 15. Bf1 f6 16.
exf6 ({Fritz suggests} 16. e6 {cramping Black's position.}) 16... Bxf6 17. Nxc6
bxc6 18. Bxc5 Re8 19. Qd2 Rxe1 20. Rxe1 Nc4 21. Bxc4 dxc4 22. Qb4 c3 23. bxc3
Qd2 24. Qc4+ Kh8 25. Re2 Qd1+ 26. Nf1 Bxc3 27. h3 Rd8 28. Re3 Bd2 29. Rf3 Bg5
30. Qxa4 Bxc2 31. Qa5 h6 32. Be3 Bxe3 33. Rxe3 Qd4 34. Rc3 Be4 35. Ne3 Qd2 36.
Qe5 Rf8 37. Kh2 Bd5 38. Rc2 Qd3 39. a4 Qg6 40. Rb2 Re8 41. Rb8 Rxb8 42. Qxb8+
Bg8 43. Qe5 Qf7 44. Nf5 Qa7 45. a5 c5 46. f4 Ba2 47. a6 Bc4 48. Nxh6 (48. Nxg7
Qxg7 49. a7 Bd5 50. Qxd5 Qxa7 {may be preferred.}) 48... Qxa6 49. Nf5 Qf6 50.
Qxc5 Be6 51. g4 Bxf5 52. Qxf5 Qb2+ 53. Kg3 Qc3+ 54. Kh4 Qe1+ 55. Kh5 Qe8+ 56.
Qg6 Qe3 57. Kg5 (57. Qd6 {may have been better, returning one of the pawns,
but maintaining the pressure.}) 57... Qe7+ 58. Kh5 Qe3 59. Qf7 Qxh3+ 60. Kg5
Qh6+ {This check is the key reason White's queen was best on d6.} 61. Kf5 g6+
62. Ke5 Qg5+ 63. fxg5 {So, with an early novelty in the Petroff, the players
provided some excitement. Despite a superior position throughout most of the
game, however, Short ultimately let it slip.} 1/2-1/2

[Event "Corus A"]
[Site "Wijk aan Zee NED"]
[Date "2010.01.23"]
[Round "7"]
[White "Nakamura, Hi"]
[Black "Shirov, A."]
[Result "1-0"]
[WhiteElo "2708"]
[BlackElo "2723"]
[PlyCount "81"]
[EventDate "2010.01.16"]

{Having taken a breather yesterday, Nakamura was well-prepared for today's
match-up with the tournament leader, Shirov. For his part, Shirov made the
fatal error of allowing himself to be relegated to the status of a demigod, by
permitting a draw against Short.} 1. e4 c5 2. Nf3 Nc6 3. d4 cxd4 4. Nxd4 Nf6 5.
Nc3 e5 6. Ndb5 d6 7. Bg5 a6 8. Bxf6 gxf6 9. Na3 f5 10. Nc4 Nd4 11. exf5 Bxf5
12. Ne3 Bg6 13. Ncd5 Bh6 14. c3 Ne6 15. Bd3 $146 (15. Qf3 {was previously
attempted by the white side in Denisov-Korzeb (2004).}) 15... Bxe3 16. Nxe3 Qb6
17. O-O Nf4 18. Be2 Rg8 19. Bf3 Nh3+ 20. Kh1 Nxf2+ 21. Rxf2 Qxe3 22. Bxb7 Rb8
23. Re2 Qb6 24. Bd5 Rg7 25. Qd2 f5 26. Rf1 Kd7 27. b4 f4 28. a4 a5 29. b5 Rd8 {
The start of a losing plan to secure Black's king deep on the queenside.} 30.
g3 fxg3 31. hxg3 Kc8 32. c4 Kb8 33. Rf6 Re7 34. Kh2 e4 35. Qc3 Rc8 36. Re3 Ka7
37. Bc6 Rd8 38. c5 dxc5 39. Bxe4 Rd6 40. Rxd6 Qxd6 41. Qxa5+ {A demonstration
of outstanding technique on the part of the American, finally bringing the
S-train to a complete halt. Rest assured that Kramnik-Nakamura will receive
more than a few thoughtful stares tomorrow.} 1-0

[Event "Corus C"]
[Site "Wijk aan Zee NED"]
[Date "2010.01.23"]
[Round "7"]
[White "Vocaturo, D."]
[Black "Robson, R."]
[Result "1-0"]
[WhiteElo "2495"]
[BlackElo "2570"]
[PlyCount "79"]
[EventDate "2010.01.16"]

{Comfortably leading the C section by a half-point entering into today's round,
American Junior Champion Ray Robson was eager to extend the gap between
himself and his main rivals. Unfortunately, Vocaturo was there to stop him.} 1.
e4 e6 2. d4 d5 3. Nc3 Nf6 4. e5 Nfd7 5. f4 c5 6. Nf3 Nc6 7. Be3 Be7 8. Qd2 O-O
9. Be2 a6 10. O-O b5 11. a3 Bb7 12. Nd1 $146 {departing from a number of
previous tries.} cxd4 13. Nxd4 Rc8 14. Nf2 Qc7 15. c3 Na5 16. Bd3 Nc4 17. Qe2
Nc5 18. Rae1 g6 19. Bc1 Qb6 20. Bb1 Na4 21. f5 exf5 22. Bxf5 Rce8 23. e6 Nc5
24. Qg4 Nd6 {here} (24... fxe6 {or}) (24... Kh8 {may have solved a number of
Black's forthcoming problems.}) 25. Bh6 {the earnest concentration and
furrowed frow on Black's face following this move would have indicated to the
audience that there was trouble on the horizon.} Nxf5 (25... Kh8 {was still
preferable.}) 26. Nxf5 Nxe6 27. Nxe7+ Rxe7 28. Bxf8 Kxf8 29. Qh4 h5 30. Qf6 Ke8
31. Kh1 d4 32. Nd3 dxc3 33. Qxc3 Qd4 34. Rxe6 Bxg2+ 35. Kxg2 Qd5+ 36. Rf3 Qg5+
37. Kf1 Rxe6 38. Qc8+ Qd8 39. Qxd8+ Kxd8 40. Rxf7 {A piece to the good, with
no realistic opportunities for Black to draw, Vocaturo was offered Robson's
hand in defeat. Though he may have been impeded this time, Robson will return
with steely resolve tomorrow in an attempt to regain full control of his
section.} 1-0